000 00710nam a22002177a 4500
999 _c186733
_d186733
005 20220314130806.0
010 _aENG-131973
020 _a9789355320544
_c450.00
035 _aEN-115505
037 _bDBAD
082 _a000
100 _aTripathi, Snehil
245 _aAn Introduction to Madhya Pradesh:
_bGeneral Knowledge/
_cSnehil Tripathi, Sonali Bansal and Pavan Choudhary
250 _a4th Edition
260 _aChennai
_bMcGraw Hill Education Private Limited
_c2022
270 _aAnjana Complex No. 5/90 A, Butt Road, St. Thomas Mount
_bChennai
_e600016
300 _avp.
_c24cm(pbk)
700 _aBansal, Sonali
700 _aChoudhary, Pavan
942 _2ddc
_cEN
_h000
_mTRI